000 00578cam a2200217 4500
001 B3357
008 090401t1990 xxu||||| |||| 00| 0 eng d
035 _a(Sirsi) u55597
041 _aeng
050 _a350.713
110 _aUnited Kingdom
_bProperty Services Agency
_91138
245 _aPSA: the future
260 _aLondon
_bProperty Services Agency
_c1990
300 _a16p. : ill. ; 30cm.
350 _a0
490 _aProgress Report
_v1
520 _aPublished as a special supplement to PSA News.
650 _aPRIVATISATION
942 _n0
948 _c04/03/1997
999 _c93629
_d93629